| 000 | 00546nam a22001697a 4500 | ||
|---|---|---|---|
| 999 |
_c60675 _d60675 |
||
| 005 | 20231005165915.0 | ||
| 008 | 231005s1976 enk||||| |||| 00| 0 eng d | ||
| 041 | _aeng | ||
| 080 | _a069 The-44 | ||
| 245 |
_aThe Athenian Agora / _bA Guide to the Excavation and Museum. |
||
| 250 | _aThird Edition | ||
| 264 |
_aAthen, _c1976. |
||
| 300 |
_a338 p. : _bill.; _c21 cm.. |
||
| 653 | _aათენის აგორა | ||
| 653 | _aგათხრებისა და მუზეუმის გზამკვლევი | ||
| 942 |
_2udc _cBK |
||